000 00425nam a2200157Ia 4500
008 100204s9999 xx 000 0 und d
082 _b23804
100 _aलिमये वसंत
245 _aधुंद -स्वच्छंद
250 _a0
260 _c1998
300 _a104
630 _aधुंद -स्वच्छंद
730 _aधुंद -स्वच्छंद
942 _cBOOK
999 _c468733
_d468730